000 00337nam a22001217a 4500
008 230627b xxu||||| |||| 00| 0 eng d
020 _a9982260170
082 _a338.9
_bKAR 2003
245 _aImplications of the COMESA Free Trade Area and Proposed Customs Union:Policy Brief
260 _bCOMESA
_c2003
300 _a55p
942 _2ddc
_cBK
999 _c2902
_d2902